000 00496nam a2200181 i 4500
001 bg
100 1 _aBRADY, J. M.
245 0 _aInformatyka teoretyczna w ujęciu programistycznym /
_cJ.M. Brady.
260 _aWarszawa,
_c1983.
490 1 _aBiblioteka Inżynierii Oprogramowania
650 9 _aInformatyka
_xteoria
830 _aBiblioteka Inżynierii Oprogramowania
040 _cBPK
041 _apol
080 _a519.6:004
942 _cKS
008 s pl f |000 0 pol
999 _c22429
_d22429
856 _uhttp://koha.tu.koszalin.pl/cgi-bin/koha/opac-detail.pl?biblionumber=22429
_yKatalog online BPK